| 000 | 00843nam a2200265 a 4500 | ||
|---|---|---|---|
| 008 | |||
| 020 | _a0697102726 (case) | ||
| 020 | _a069714478X (paper) | ||
| 049 | _aMAIN | ||
| 090 | _aGE105 | ||
| 100 | 1 | _aCunningham, William P. | |
| 245 | 1 | 0 |
_aEnvironmental science : _ba global concern / _cWilliam P. Cunningham ; Barbara Woodworth Saigo. |
| 250 | _a2nd ed. | ||
| 260 |
_aDubuque, IA : _bWm. C. Brown Publishers, _cc1992. |
||
| 300 |
_axvii, 622 p. : _bill. (some col.), col. maps ; _c29 cm. |
||
| 504 | _aIncludes bibliographical references. | ||
| 500 | _aIncludes index. | ||
| 650 | 0 | _aEnvironmental sciences. | |
| 700 | 1 | _aSaigo, Barbara Woodworth. | |
| 907 |
_a.b1000905x _b05-12-05 _c17-04-03 |
||
| 003 | |||
| 005 | 20230123133120.0 | ||
| 040 | _cNUST | ||
| 942 |
_cBOOKS _kGE105 |
||
| 999 |
_c142991 _d142991 |
||